नींद हमारी, ख़वाब तुम्हारे (Record no. 197893)
[ view plain ]
| 000 -LEADER | |
|---|---|
| fixed length control field | 00801nam a22002057a 4500 |
| 001 - CONTROL NUMBER | |
| control field | HIN-125837 |
| 003 - CONTROL NUMBER IDENTIFIER | |
| control field | dpl |
| 005 - DATE AND TIME OF LATEST TRANSACTION | |
| control field | 20230906121210.0 |
| 008 - FIXED-LENGTH DATA ELEMENTS--GENERAL INFORMATION | |
| fixed length control field | 230906b |||||||| |||| 00| 0 eng d |
| 010 ## - LIBRARY OF CONGRESS CONTROL NUMBER | |
| LC control number | HN-98183 |
| 040 ## - CATALOGING SOURCE | |
| Transcribing agency | DBAD/PUB |
| 082 ## - DEWEY DECIMAL CLASSIFICATION NUMBER | |
| Edition number | 2023 |
| Classification number | उ |
| 100 ## - MAIN ENTRY--PERSONAL NAME | |
| Personal name | सिंह, तारा |
| 9 (RLIN) | 56005 |
| 245 ## - TITLE STATEMENT | |
| Title | नींद हमारी, ख़वाब तुम्हारे |
| Medium | हिंदी |
| 250 ## - EDITION STATEMENT | |
| Edition statement | प्रथम संस्करण |
| 260 ## - PUBLICATION, DISTRIBUTION, ETC. (IMPRINT) | |
| Place of publication, distribution, etc | महाराष्ट्र |
| Name of publisher, distributor, etc | अ-1601, सी क्वीन हेरिटेज, प्लाट-6, सेक-18, संपाडा, नवी मुंबई, महाराष्ट |
| Date of publication, distribution, etc | 2023 |
| 300 ## - PHYSICAL DESCRIPTION | |
| Extent | 106(p) |
| Dimensions | 23cm.(अजिल्द) |
| 700 ## - ADDED ENTRY--PERSONAL NAME | |
| 9 (RLIN) | 56009 |
| 942 ## - ADDED ENTRY ELEMENTS (KOHA) | |
| Source of classification or shelving scheme | Dewey Decimal Classification |
| Koha item type | Hindi Books |
| Classification part | उ |
| Call number suffix | सिंहत |
| Withdrawn status | Lost status | Source of classification or shelving scheme | Damaged status | Not for loan | Collection code | Home library | Current library | Date acquired | Cost, normal purchase price | Total Checkouts | Full call number | Barcode | Date last seen | Copy number | Cost, replacement price | Price effective from | Koha item type |
|---|---|---|---|---|---|---|---|---|---|---|---|---|---|---|---|---|---|
| Dewey Decimal Classification | Not For Loan | Fiction | D.B.Act.Division | D.B.Act.Division | 06/09/2023 | 580.00 | उ सिंहत | HN-98183 | 06/09/2023 | 1 | 580.00 | 06/09/2023 | Hindi Books |
